| 000 | 00630nam a22001817a 4500 | ||
|---|---|---|---|
| 005 | 20251108164203.0 | ||
| 008 | 250721s1993 xx 000 0 ara d | ||
| 082 | 1 | 4 | _a215.15/سيل |
| 100 | 1 | _aالسيلي، سيد عبد العزيز | |
| 245 | 1 | 0 | _aالعقيدة السلفية بين الإمام إبن حنبل و الإمام إبن تيمية / |
| 264 | 1 |
_aالقاهرة : _bدار المنار للطبع والنشر و التوزيع، _c1993. |
|
| 300 | _a397ص. | ||
| 650 | 1 | 7 | _aالفرق الإسلامية |
| 650 | 1 | 7 | _aعلم الكلام |
| 650 | 1 | 7 | _aالسلفية |
| 942 |
_2ddc _cREF |
||
| 999 |
_c5867 _d5867 |
||